Statistics for Toronto Blue Jays Baseball Quiz

Click here to take the quiz!

General Stats

  • This quiz has been taken 330 times
    (277 since last reset)
  • The average score is 10 of 16

Answer Stats

HintAnswer% Correct
The length of the longest Blue Jays game, in inningsNineteen
86%
The team the Jays beat to win the World Series in 1992Atlanta Braves
77%
Who they beat in 1993Philadelphia Phillies
77%
The Jays' current stadiumThe Rogers Centre
77%
Year the Blue Jays played their first game1977
74%
The number of home runs the Blue Jays hit on Sept. 14, 1987 to set the record for most in a gameTen
71%
Other Blue Jay named AL MVPJosh Donaldson
70%
Only player with a Toronto cap in the Hall of FameRoberto Alomar
66%
The only Blue Jay to hit four home runs in one gameCarlos Delgado
64%
The manager of the team, as of 2015John Gibbons
64%
The only Blue Jay to throw a no-hitterDave Stieb
58%
First Blue Jay named AL MVPGeorge Bell
53%
The Jays' first stadium, the "Mistake by the Lake"Canadian National Exhibition Stadium
41%
Original Jays radio broadcaster, who said "Touch 'em all, Joe"Tom Cheek
32%
The Blue Jays' Hall of Fame general mangerPat Gillick
29%
AL Rookie of the Year in 2001Eric Hinske
20%

Score Distribution

Percentile by Number Answered

Percent of People with Each Score

Your Score History

You have not taken this quiz since the last reset